000 00788nam a2200253Ia 4500
003 OSt
005 20220923225412.0
006 a|||||r|||| 00| 0
007 ta
008 220922b |||||||| |||| 00| 0 hin d
024 _a266,159
037 _cTextual
040 _aARTS
_cARTS
_bhin
041 _2hin
_ahin
082 _aR631:g, 152N1
100 _aराव, बी0 कामेश्वर
_9168628
245 0 _aसांख्य प्रज्ञा
246 _aSāankhya prajnyā
260 _aजयपुर
_b ग्रन्थ भारती
_c1991
300 _a127पृ.
_ccm.
650 _aभारतीय दर्शन
942 _hR631:g, 152N1
_cTEXL
_2CC
999 _c377989
_d377989